| 000 | 02128nam0a2200397 4500 | ||
|---|---|---|---|
| 001 | RU\NLR\BIBL_A\022662920 | ||
| 005 | 20260115125506.0 | ||
| 010 | _a978-5-9639-0244-8 | ||
| 021 |
_aRU _bКН-П-25-058316 _9КН-П-25-5617 |
||
| 035 | _a(NLR Aleph) 022662920 | ||
| 090 |
_a13514549 _c13514549 |
||
| 100 | _a20251111d2025 u y0rusy50 ca | ||
| 101 | 0 |
_arus _achk |
|
| 102 | _aRU | ||
| 105 | _aa z 000ay | ||
| 181 | 0 |
_ai2 _baxxe |
|
| 181 | 0 |
_ab2 _bxb2e |
|
| 182 | 0 | _an | |
| 200 | 1 |
_aСказки бабушки Тымнеквыной _eна русском и чукотском языках _fСамира Асадова _gхудожник: заслуженный художник Российской Федерации, профессор Юрий Иванов |
|
| 203 |
_aТекст _aИзображение _bвизуальные _cнепосредственные |
||
| 210 |
_aМосква _cКарл Гиберт Медиа _d2025 |
||
| 215 |
_a63 с. _cцв. ил. _d28 |
||
| 300 | _aЗагл. также на чукот. яз.: Лымн'ылтэ н'эвмиргин Тымн'эквын'ан | ||
| 320 | _aДр. произведения авт. на 4-й с. обл. | ||
| 330 | _aЭту книгу написала шестнадцатилетняя девушка-чукчанка Самира Асадова. Она пересказала сказки, которые в детстве ей поведала ее бабушка, знавшая много легенд и преданий своего народа. Книга выходит на русском и чукотском языках. | ||
| 517 | 1 |
_aЛымн'ылтэ н'эвмиргин Тымн'эквын'ан _zchk |
|
| 686 | 1 | _aШ9(2)6=Чук72-2 | |
| 700 | 1 |
_aАсадова _bС. _gСамира |
|
| 702 | 1 |
_aИванов _bЮ. В. _cиллюстратор _f1940-2019 _gЮрий Валентинович _3RU\NLR\AUTH\7749695 _4040 |
|
| 852 |
_aNLR _bОНЛ _jЧукот./4-47 |
||
| 942 | _cBOOK | ||
| 980 | _aNB | ||